| 000 | 01293nam a2200325Ia 4500 | ||
|---|---|---|---|
| 001 | ebr10135746 | ||
| 003 | CaPaEBR | ||
| 006 | m u | ||
| 007 | cr cn||||||||| | ||
| 008 | 020206s2002 nyuabf sb 001 0 eng d | ||
| 010 | _z 2002070448 | ||
| 015 | _aGBA2-U6945 | ||
| 020 | _z1403982716 | ||
| 020 | _z0312293992 | ||
| 040 |
_aCaPaEBR _cCaPaEBR |
||
| 035 | _a(OCoLC)560180324 | ||
| 050 | 1 | 4 |
_aHV6457 _b.W35 2002eb |
| 100 | 1 |
_aWaldrep, Christopher, _d1951- |
|
| 245 | 1 | 4 |
_aThe many faces of Judge Lynch _h[electronic resource] : _bextralegal violence and punishment in America / _cChristopher Waldrep. |
| 250 | _a1st ed. | ||
| 260 |
_aNew York : _bPalgrave Macmillan, _c2002. |
||
| 300 |
_ax, 264 p., [12] p. of plates : _bill., map. |
||
| 504 | _aIncludes bibliographical references (p. [233]-256) and index. | ||
| 533 |
_aElectronic reproduction. _bPalo Alto, Calif. : _cebrary, _d2009. _nAvailable via World Wide Web. _nAccess may be limited to ebrary affiliated libraries. |
||
| 650 | 0 |
_aLynching _zUnited States _xHistory. |
|
| 650 | 0 |
_aHate crimes _zUnited States. |
|
| 655 | 7 |
_aElectronic books. _2local |
|
| 710 | 2 | _aebrary, Inc. | |
| 856 | 4 | 0 |
_uhttp://site.ebrary.com/lib/rucke/Doc?id=10135746 _zAn electronic book accessible through the World Wide Web; click to view |
| 999 |
_c189343 _d189343 |
||